01158nas a2200265Ia 4500001001100000003000900011008004100020040001300061040001300074041001300087100004500100210001900145222001900164245007900183250001100262260002400273501008600297300001700383362002200400500018600422650004300608942000700651999001900658952021500677R131/48730IT-RoPAU151124c99999999xx |||||||||||| ||und|| aIT-RoPAU cIT-RoPAU aFRANCESE aLescure PierregCodice Aut. SPICS: 25811 aMEDIASPOUVOIRS aMediaspouvoirs aMEDIASPOUVOIRS, N.06 (MARZO 1987)bTelevision (La), Ce N'Est Pas Du Cinema a1a ed. aPARISbBAYARDc1987 bPaulus - SPICS - Società San Paolo EM (non-commercial uses only)cCopyright2015 a4 p. [55-58] aN.06 (MARZO 1987) aTelevisione Francese Ottiene il Miglior Ascolto con il Cinema. ma Nuove Pratiche Commerciali e la Concorrenza Segneranno Un'Inversione di Tendenza Verso i Veri Programmi Televisivi. aCOMUNICAZIONEvPUBBLICAZIONE PERIODICA cCR c192648d192648 0010406R_131_48730000000000071aSPICSbSPICSd2015-11-25l0oR131/48730r2015-11-25 00:00:00w2015-11-25yCRzProgr. Ins: 54906 / Copia rara: NO / date import: 25.11.2015 / By Epidotti, Trombetti, Vaglietti